Normal view
MARC view
- Marī, Mīr Sher Muḥammad,
Entry Personal Name
001 - CONTROL NUMBER
- control field: 4626
003 - CONTROL NUMBER IDENTIFIER
- control field: NUST
005 - DATE AND TIME OF LATEST TRANSACTION
- control field: 20170918132240.0
008 - FIXED-LENGTH DATA ELEMENTS
- fixed length control field: 170918|| aca||aabn | a|a d
040 ## - CATALOGING SOURCE
- Original cataloging agency: NUST
- Transcribing agency: NUST
100 ## - HEADING--PERSONAL NAME
- Personal name: Marī, Mīr Sher Muḥammad,
- Dates associated with a name: -1993.
670 ## - SOURCE DATA FOUND
- Source citation: Work cat.: (NUST)0: 880-01 Marī, Mīr Sher Muḥammad, -1993., Balūcistān kā gorīlā rahnumā Janral Shīrof /, 2010.
